Lujo y capitalismo / (Record no. 145062)

MARC details
000 -LEADER
campo de control de longitud fija 00719nam a2200241 4500
001 - NÚMERO DE CONTROL
campo de control 145062
003 - IDENTIFICADOR DE NÚMERO DE CONTROL
campo de control ES-MaACL
005 - FECHA Y HORA DE LA ÚLTIMA TRANSACCIÓN
campo de control 20230906201145.0
007 - CAMPO FIJO DE DESCRIPCIÓN FÍSICA--INFORMACIÓN GENERAL
campo de control de longitud fija t|
008 - DATOS DE LONGITUD FIJA--INFORMACIÓN GENERAL
campo de control de longitud fija 070214s1965 sp r ||||1| spa d
100 1# - ENTRADA PRINCIPAL--NOMBRE DE PERSONA
Nombre de persona Sombart, Werner.
9 (RLIN) 107262
245 10 - MENCIÓN DEL TÍTULO
Título Lujo y capitalismo /
Mención de responsabilidad, etc. Werner Sombart ; traducción del alemán por Luis Isábal.
250 ## - MENCION DE EDICION
Mención de edición 3ª ed.
260 ## - PUBLICACIÓN, DISTRIBUCIÓN, ETC.
Lugar de publicación, distribución, etc. Madrid :
Nombre del editor, distribuidor, etc. Revista de Occidente,
Fecha de publicación, distribución, etc. 1965 (
Fabricante Tall. Gráf. Edic. Castilla)
300 ## - DESCRIPCIÓN FÍSICA
Extensión 211 p. ;
Dimensiones 19 cm.
490 1# - MENCIÓN DE SERIE
Mención de serie Selecta ;
Designación de volumen o secuencia 6
650 00 - PUNTO DE ACCESO ADICIONAL DE MATERIA--TÉRMINO DE MATERIA
Término de materia o nombre geográfico como elemento de entrada Lujo.
9 (RLIN) 14713
650 04 - PUNTO DE ACCESO ADICIONAL DE MATERIA--TÉRMINO DE MATERIA
Término de materia o nombre geográfico como elemento de entrada Capitalismo-
Subdivisión geográfica Europa.
9 (RLIN) 10765
700 1# - ENTRADA AGREGADA--NOMBRE PERSONAL
Nombre de persona Isábal, Luis.
9 (RLIN) 65517
830 1# - PUNTO DE ACCESO ADICIONAL DE SERIE-TÍTULO UNIFORME
Título uniforme Selecta ;
Designación de volumen o secuencia 6
9 (RLIN) 181890
852 ## - LOCALIZACIÓN
Ubicación ES-MaACL
Número de control de estantería C-28524
Holdings
Estatus retirado Estado de pérdida Estado de daño No para préstamo Biblioteca de origen Biblioteca actual Ubicación en estantería Fecha de adquisición Fuente de adquisición Total de préstamos Signatura topográfica completa Código de barras Visto por última vez Precio de reemplazo Tipo de ítem Koha
        Biblioteca del Ateneo de Madrid Biblioteca del Ateneo de Madrid Depósito 2 17/01/2008     C-28524 1151424 23/02/2023 23/02/2023 Libro impreso